Statistics for Elements by Clue

Click here to take the quiz!

General Stats

  • This quiz has been taken 11 times
  • The average score is 30 of 40

Answer Stats

ClueAnswer% Correct
DiamondsCarbon
100%
Statue of LibertyCopper
100%
CrownGold
100%
BalloonsHelium
100%
SpaceHydrogen
100%
Toxic pipesLead
100%
ThermometersMercury
100%
78% of airNitrogen
100%
33% of water moleculesOxygen
100%
Nuclear BombPlutonium
100%
Valley in CaliforniaSilicon
100%
SaltSodium
100%
PoisonArsenic
89%
Found in bonesCalcium
89%
Discovered by Marie CurieRadium
89%
EggsSulfur
89%
FoilTin
89%
Starts with XXenon
89%
AirplanesAluminum
78%
Gas used in WWIChlorine
78%
ToothpasteFluorine
78%
ChainsIron
78%
BatteriesLithium
78%
Fruits and veggiesPotassium
78%
Color similar to graySilver
78%
Shade of greenNeon
67%
Also found in bonesPhosphorus
67%
EmeraldsBeryllium
56%
Looks like blood, it is not!Bromine
56%
MedicineIodine
56%
Between silver and tin, used in paintCadmium
44%
FlashlightsKrypton
44%
Also discovered by CuriePolonium
44%
FireworksStrontium
44%
Jet enginesTitanium
44%
Brass instrumentsZinc
44%
MagnetsCobalt
33%
Named after Lazer cityYttrium
33%
Element founded in CalifornaBerkelium
22%
Nokia phonesTantalum
22%

Score Distribution

Percentile by Number Answered

Percent of People with Each Score

Your Score History

You have not taken this quiz